LEADER 01079nam a2200229 i 4500 001 000000258552 003 CaOOAMICUS 005 20180521000000.0 008 180521s2011 it s u000 u ita u 013 $a237460 040 $aSeMil$bita 245 14$aUna vita non basta, 1897-1988 :$bl'avventura missionaria del beato Clemente Vismara. 260 $a[S.l.] :$bProduzione PIMEdit,$c[2011]$e(Torino :$fNOVA-T ,$g[2011]) 300 $a1 DVD video (30 min) ;$cin custodia, 19 cm. 500 $aIn copertina : I Grandi Testimoni. - LOCAZIONE : UFFICIO. 650 4$aVismara, Clemente .$0(OLS)http://semarc/subject/8230 700 1 $aVismara, Clemente,$c.$0(OLS)http://semarc/name/49075 850 $aSeMil 852 $aSeMil$W1$xVenegono$y1$mDVD/8$j208898$B208898$CSeMilBibl$Z2$F222612 $85 961 $aRecupero: Altro 996 $6245$aUna vita non basta, 1897-1988 :$bl'avventura missionaria del beato Clemente Vismara$9(OLS)http://semarc/title/413494 996 $6260$a[S.l.] :$bProduzione PIMEdit$9(OLS)http://semarc/publisher/52898 LEADER 01227nam a2200253 i 4500 001 000000141365 003 CaOOAMICUS 005 20250826165227.0 008 050715s1979 it u000 u ita u 040 $aSeMil$bita 100 1 $aBarbin, Herculine.$0(OLS)http://semarc/name/56863 245 14$aUna strana confessione :$bmemorie di un ermafrodito /$cHerculine Barbin, detta Alexina B. ; presentazione di Michel Foucault ; traduzione e nota introduttiva di Brunella Schisa. 264 1$aTorino :$bGiulio Einaudi,$c1979. 300 $aXIV, 120 p. ;$c20 cm. 490 1 $aCentopagine : collezione di grandi narratori ;$v59 650 4$aErmafroditismo - Diari e memorie.$0(OLS)http://semarc/subject/58460 700 1 $aFoucault, Michel,$d<1926-1984>.$0(OLS)http://semarc/name/730 700 1 $aSchisa, Brunella.$0(OLS)http://semarc/name/56864 830 0$aCentopagine ;$v59.$0(OLS)http://semarc/title/19222 850 $aSeMil 852 $aSeMil$W1$xVenegono$y1$m1V VI 292$j212480$B225667$CSeMilBibl$Z2$F225667 $81 996 $6245$aUna strana confessione :$bmemorie di un ermafrodito$9(OLS)http://semarc/title/206554 996 $6264$aTorino :$bGiulio Einaudi$9(OLS)http://semarc/publisher/29810